| 000 | 00617nam a2200169Ia 4500 | ||
|---|---|---|---|
| 008 | 230917s9999||||xx |||||||||||||| ||und|| | ||
| 020 | _cRS350 | ||
| 040 |
_e227799 _aMAIN |
||
| 041 | _aEnglish | ||
| 082 | _a891.43301731 SI24P:MK | ||
| 100 | _aमधुकान्त, सम्पा. | ||
| 245 | 0 | _aइन्द्रा स्वप्न की प्रतिनिधि कहानियाँ | |
| 260 |
_aनई दिल्ली _bनवशिला प्रकाशन _c2014 |
||
| 300 | _a143 पृ. p. | ||
| 500 | _a2094 26/08/2015 HBD15/615 27/08/2015 Centre for Haryana Studies | ||
| 942 | _cBK | ||
| 999 |
_c15814 _d15814 |
||